000 00702nam a2200217Ii 4500
003 JO-AjNU
008 230605s9999||||xx |||||||||||||| ||und||
020 _a9957-05-071-0
040 _aJO-AjNU
_bara
_erda
_cJO-AjNU
041 _aara
050 1 4 _aPJ7750 2001
100 3 _aتأليف الساعد،حسني خضر,
_eauthor
_917000
245 0 0 _aالحرب والفروسية في شعر أبي الطيب المتنبي
250 _aط1
264 3 1 _aد.ن
300 _a256ص
336 _atext
_btxt
_2rdacontent
337 _aunmediated
_bn
_2rdamedia
338 _avolume
_bnc
_2rdacarrier
650 4 _aالأدب العربي - الحرب والفروسيه - شعر المتنبي
_917001
999 _aA5160
_c8728
_d8728